Liedtext - Junge - Die Ärzte - Statistiken

Allgemein
  • Dieses Quiz wurde 4.444 mal gespielt
    4.443 seit der letzten Aktualisierung
  • Das Durchschnittsergebnis liegt bei 186 aus 238
Antwortstatistiken
Liedtext % Korrekt
du
99%
Du
99%
Junge
99%
der
98%
Der
98%
die
98%
in
97%
so
95%
So
95%
Und
95%
wie
95%
ein
94%
Hose
94%
Löcher
94%
aussiehst
93%
Da
93%
den
93%
diese
93%
dir
93%
wieder
93%
an
92%
nicht
92%
dieser
91%
hast
91%
Lärm
91%
ständig
90%
warum
90%
Warum
90%
hat
89%
Onkel
89%
zu
89%
Auto
88%
ne
88%
Werkstatt
88%
Dieter
87%
gibt
87%
nichts
87%
sogar
87%
Festanstellung
86%
gelernt
86%
gehst
85%
wenn
85%
Werner
85%
das
83%
Das
83%
ihn
83%
bittest
82%
darum
82%
deine
82%
Guck
81%
Was
80%
soll
79%
doch
77%
nach
77%
sollen
76%
Wir
76%
wir
76%
Nase
75%
sagen
75%
will
75%
Nachbarn
74%
Eine
73%
Dich
72%
dich
72%
noch
72%
Es
70%
Willst
70%
Wo
70%
dass
69%
Freunde
68%
für
68%
Haare
68%
sterben
68%
dann
67%
früher
67%
Tiere
67%
Denk
66%
Eltern
66%
immer
66%
Kind
66%
Wäre
66%
warst
66%
interessiert
65%
eigene
64%
Praxis
64%
ist
63%
süß
63%
alle
62%
süßes
62%
hören
61%
keiner
61%
spät
61%
Uni
61%
denn
60%
einzuschreiben
59%
mir
59%
Musst
58%
Drogen
57%
Worte
57%
fehlen
56%
Hause
56%
kommst
56%
Ihr
55%
Mutter
55%
färben
53%
Zukunft
53%
deiner
50%
mehr
50%
nehmt
50%
Nie
50%
Herz
49%
weiter
49%
wissen
49%
Brich
48%
uns
48%
Texte
47%
werden
46%
enden
45%
enterben
45%
machen
45%
Sorgen
44%
alles
41%
schlechter
34%
Umgang
34%
viel
34%
Elektrische
31%
Finanzamt
29%
Gitarren
28%
Keine übereinstimmenden Quizze gefunden
Verteilung der Resultate
Anzahl Personen mit jedem Resultat
Perzentil nach korrekt beantworteten Fragen
Ihre Resultats-Entwicklung
Sie haben dieses Quiz seit der letzten Aktualisierung nicht gespielt